|
|
|
|
| LEADER |
01330cam a2200337 7i4500 |
| 001 |
0000018845 |
| 005 |
20240923090000.0 |
| 008 |
240923s1999 io a ### #00001may## |
| 020 |
# |
# |
|a 9799561779
|
| 040 |
# |
# |
|a UMT
|b eng
|c UMT
|d Ohiolink
|e rda
|
| 090 |
0 |
0 |
|a QH 541.5 .M27
|b B4 1999
|
| 100 |
1 |
# |
|a Bengen, Dietriech G.
|e author
|
| 245 |
1 |
0 |
|a Pengenalan dan pengelolaan ekosistem mangrove
|c Dietriech G. Bengen.
|
| 264 |
# |
1 |
|a Bogor:
|b PKSPL-IPB,
|c [1999]
|
| 300 |
# |
# |
|a xii, 61 pages:
|b illustrations;
|c 21 cm
|
| 336 |
# |
# |
|a text --
|2 rdacontent
|
| 337 |
# |
# |
|a unmediated --
|2 rdamedia
|
| 338 |
# |
# |
|a volume --
|2 rdacarrier
|
| 490 |
1 |
# |
|a Pedoman teknis
|
| 590 |
# |
# |
|a Perpustakaan Sultanah Nur Zahirah
|
| 650 |
0 |
0 |
|a Mangrove ecology
|
| 830 |
# |
0 |
|a Pedoman teknis
|
| 999 |
|
|
|a 2000131596
|b Book
|c Koleksi Buku Berbintik Merah (Red Spot)
|e KOLEKSI KHAS
|
| 999 |
|
|
|a 2000131597
|b Book
|c Open Shelf
|e KOLEKSI TERBUKA
|
| 999 |
|
|
|a 2000131593
|b Book
|c Open Shelf
|e KOLEKSI TERBUKA
|
| 999 |
|
|
|a 2000131594
|b Book
|c Open Shelf
|e KOLEKSI TERBUKA
|
| 999 |
|
|
|a 2000131595
|b Book
|c Open Shelf
|e KOLEKSI TERBUKA
|
| 999 |
|
|
|a 2000131590
|b Book
|c Open Shelf
|e KOLEKSI TERBUKA
|
| 999 |
|
|
|a 2000131591
|b Book
|c Open Shelf
|e KOLEKSI TERBUKA
|
| 999 |
|
|
|a 2000131592
|b Book
|c Open Shelf
|e KOLEKSI TERBUKA
|
| 999 |
|
|
|a 1100068521
|b Book
|c Open Shelf
|e KOLEKSI TERBUKA
|